01049nam a22002177a 4500952009800000999001900098005001700117008004100134020001800175040000800193050001700201100002700218245009300245250002000338260003500358300003500393505031800428519006000746650001300806942001200819 00102lcc4070a01b01d2019-08-30l0oQC23.2 L85p16 000942r2023-07-12t1w2019-08-30yLB c104470d10447020231102152116.0190830s 2007mx a 001 0 spa d a9789702010395 aUIN aQC23.2 bL85 aLuna, Felipee , autor aRespuestas a ejercicios y actividades Ciencias (Física 2)b : Cuadernoc / Felipe Luna a1a. edición / aMéxicob : Castilloc , 2007 a80 páginasb ; Ilustraciones aBloque 1. El movimiento. La descripción de los cambios e la Naturaleza. Bloque 2. Las fuerzas. La explicación de los cambios. Bloque 3. Las interacciones de la materia. Un modelo para describir. Bloque 4. Manifestaciones de la estructura interna de la materia. Bloque 5. Conocimiento, sociedad y tecnología. aBachillerato Prepa UIN /bbachillerato / d(16 000942)  0aFÍSICA 2lcccLB